Euroleague Starting Lineups 2024/25 - Statistics

General Stats
  • This quiz has been taken 882 times
  • The average score is 34 of 88
Answer Stats
Hint Answer % Correct
AS Monaco Mike James
80%
Panathinaikos Kendrick Nunn
78%
Panathinaikos Mathias Lessort
75%
Anadolu Efes Shane Larkin
74%
Panathinaikos Kostas Sloukas
73%
FC Barcelona Kevin Punter
67%
Paris Basketball TJ Shorts
67%
FC Barcelona Willy Hernangomez
66%
Panathinaikos Lorenzo Brown
65%
Real Madrid Walter Tavares
65%
Olympiacos Piraeus Sasha Vezenkov
64%
Partizan Carlick Jones
62%
Real Madrid Facundo Campazzo
60%
Emoprio Armani Nikola Mirotic
60%
FC Barcelona Jan Vesely
58%
FC Bayern Carsen Edwards
57%
Baskonia Chima Moneke
57%
Real Madrid Mario Hezonja
57%
Real Madrid Dzanan Musa
56%
Baskonia Markus Howard
54%
Paris Basketball Kevarius Hayes
53%
Paris Basketball Maodo Lo
53%
Olympiacos Piraeus Nikola Milutinov
53%
AS Monaco Elie Okobo
51%
FC Barcelona Jabari Parker
51%
Crvena Zvezda Joel Bolomboy
51%
Fenerbahce Istanbul Nigel Hayes-Davies
49%
Olympiacos Piraeus Thomas Walkup
49%
Anadolu Efes Vincent Poirier
48%
Fenerbahce Istanbul Wade Baldwin
48%
Baskonia Donta Hall
47%
FC Bayern Devin Booker
46%
Crvena Zvezda Nikola Kalinic
46%
Virtus Bologna Torinke Shengelia
46%
Partizan Brandon Davies
45%
LDLC Asvel Nando De Colo
42%
Emoprio Armani Zach Leday
42%
AS Monaco Alpha Diallo
41%
Alba Berlin Gabriele Procida
39%
Crvena Zvezda Codi Miller-Mcintyre
37%
Partizan Vanja Marinkovic
37%
Virtus Bologna WIll Clyburn
37%
Real Madrid Serge Ibaka
36%
FC Bayern Shabazz Napier
36%
Zalgiris Kaunas Sylvian Francisco
36%
Anadolu Efes Darius Thompson
35%
Maccabi Tel Aviv Jordan Loyd
35%
LDLC Asvel Paris Lee
35%
Emoprio Armani Shvaon Shields
35%
FC Bayern Vladimir Lucic
35%
Crvena Zvezda Isaiah Cannan
34%
Partizan Iffe Lundberg
33%
Emoprio Armani Josh Nebo
33%
FC Barcelona Nico Laprovitola
33%
Fenerbahce Istanbul Scottie Wilbekin
33%
Partizan Isaiah Mike
30%
Fenerbahce Istanbul Bonzie Colson
29%
Alba Berlin Matteo Spagnolo
29%
Crvena Zvezda Luka Mitrovic
28%
Fenerbahce Istanbul Nicolo Melli
28%
Virtus Bologna Isaiah Cordinier
27%
Olympiacos Piraeus Kostas Papanikolau
26%
Zalgiris Kaunas Alen Smailagic
25%
LDLC Asvel Joffrey Lauvergne
25%
Olympiacos Piraeus Keenan Evans
25%
AS Monaco Jaron Blossomgame
24%
Maccabi Tel Aviv Rokas Jokubaitis
24%
Virtus Bologna Ante Zizic
23%
Virtus Bologna Daniel Hackett
23%
Panathinaikos Dinos Mitoglu
23%
Maccabi Tel Aviv Roman Sorkin
22%
Baskonia Tadas Sedekerskis
22%
Maccabi Tel Aviv Jasiel Rivero
21%
Zalgiris Kaunas Laurynas Birutis
20%
Alba Berlin Louis Olinde
20%
Emoprio Armani Leandro Bolmaro
19%
Baskonia Luwawu-Cabarrot
19%
Alba Berlin Khalifa Koumadje
17%
Anadolu Efes Derek Willis
14%
Zalgiris Kaunas Arnas Butkevicius
12%
LDLC Asvel David Lighty
10%
Alba Berlin TIm Schneider
10%
Zalgiris Kaunas Lukas Lekavicius
9%
LDLC Asvel Charles Kahudi
6%
Maccabi Tel Aviv Jake Cohen
6%
Anadolu Efes Justin Hollatz
4%
AS Monaco Donatas Montijuenas
3%
FC Bayern Johannsen Voigthmann
2%
No matching quizzes found
Score Distribution
Percent of People with Each Score
Percentile by Number Answered
Your Score History
You have not taken this quiz